00602nam a2200181Ia 4500003000900000008004100009040001600050080001800066245011600084260003600200300001500236650004100251650002600292650002900318700002300347700002300370700002700393IN-BaIIA211028s9999 xx 000 0 eng d cIIA Library a(05)52bANN-6 0aAnnual review of astronomy and astrophysicsbvol. 6cedited by Leo Goldberg, David Layzer and John G. Phillips  aPalo AltobAnnual Reviewsc1968 avii, 528p. aAstronomy and astrophysics thesaurus aAstronomy-Periodicals aAstrophysics-Periodicals aGoldberg, Leo, ed. aLayzer, David, ed. aPhillips, John G., ed.